=LDR 00000nam 2200000 4500 =001 INLIS000000000013124 =005 20130612104551 =008 ***********************************Ind** =035 ##$$0010-061300000013124 =041 ##$$a Ind =082 ##$$a 907 =090 ##$$a 907, Jay s =100 ##$$a Jaya, Wahyudi =245 ##$$a Sejarah kelas x, Wahyudi Djaya =260 ##$$a 2004 $b Klaten =300 ##$$a ...jil, ilus, 28 cm =650 ##$$a Sejarah - Studi dan pengajaran =850 ##$$a NBPNMAT